00341nam a2200121Ia 4500003000400000008004100004040001600045082001500061100001700076245006700093260005100160300000800211GCL140319s9999 xx 000 0 eng d aGCL / cGCL04a784.2bT M1 aTODD, LARRY.10aMENDELSSAHN, THE HEBRIDES AND OTHER OVERTURES / cTODD, LARRY. a[S.N] : bCAMBRIDGE UNIVERSITY PRESS ، c1993 a121